MDQL
is popping MORE tags! Check the
thread
!
Quizzes
Events
Quiz Creation
Community
Videos
Private Events
Remove Ads
Sign In
Join for FREE
Feedback
Dark Mode
Quiz Categories
Sports
Geography
Music
Movies
Television
Just For Fun
Miscellaneous
History
Literature
Language
Science
Gaming
Entertainment
Religion
Holiday
For Kids
Quiz Lab
Recent
Popular Today
Quiz Kudos Today
Editor Picks
Curator Picks
Quizzes by...
Day
Popularity
Type
Ratings
Length
Year
Community
Subscriptions
Recent Discussions
Orange Saloon
Badges
Playlists
Quests
Create
Leaderboards
Showdown
Live 5
Trivia Bingo
Activity
Puzzle Library
Sporcle Events
Private Events
Virtual Trivia
Globe League
Become a Host
Pub Owners
SporcleCon
Opinionation
Our Games
Videos
Blog
Mobile Apps
Partnerships
Remove Ads and Go Orange
Feedback
Sports
Athletes
MLB
NBA
NHL
NFL
Soccer
Sports Teams
WWE
NCAA
Football
Premier League
Basketball
Baseball
Hockey
Golf
Tennis
Cricket
Rugby
Auto Racing
Olympics
World Cup
Sports
Athletes
MLB
NBA
NHL
NFL
Soccer
Sports Teams
WWE
NCAA
Football
Premier League
Basketball
Baseball
Hockey
Golf
Tennis
Cricket
Rugby
Auto Racing
Olympics
World Cup
Random Quiz
Search Sporcle
×
Quiz Lab
Quiz Lab
Sports
Baseball
Type in answers that appear in a list
Type in answers that appear in a list
Classic
Best Score? Go Orange.
Name MLB Team's 3rd Hitter Stats
Can you name the Name MLB Team's 3rd Hitter?
By
dansgiants211080
3m
30 Questions
57 Plays
57 Plays
57 Plays
Comments
Comments
Give Quiz Kudos
Give Quiz Kudos
-
- Ratings
hide this ad
Replay
Link that replays current quiz
Next Quiz
Link to next quiz in quiz playlist
You Got
0%
They Got
Avg Score
57%
Avg Friend Score
Upgrade to see
Score Distribution
Jump to the score distribution portion of the page
Score
0/30
Timer
03:00
0
Plays Today
Team
Player
% Correct
St. Louis Cardinals
Albert Pujols
91.2%
Boston Red Sox
Adrian Gonzalez
87.7%
Toronto Blue Jays
Jose Bautista
87.7%
New York Yankees
Mark Teixeira
86%
Pittsburgh Pirates
Garrett Jones
86%
Colorado Rockies
Carlos Gonzalez
86%
Atlanta Braves
Chpper Jones
86%
New York Mets
David Wright
82.5%
Florida Marlins
Hanley Ramirez
82.5%
Texas Rangers
Josh Hamilton
78.9%
Baltimore Orioles
Derek Lee
71.9%
Milwaukee Brewers
Ryan Braun
68.4%
Los Angeles Dodgers
Andre Ethier
68.4%
Arizona Diamondbacks
Justin Upton
66.7%
Chicago White Sox
Adam Dunn
64.9%
Team
Player
% Correct
Cincinnati Reds
Joey Votto
63.2%
San Francisco Giants
Aubrey Huff
59.6%
Detroit Tigers
Magglio Ordonez
52.6%
Philadelphia Phillies
Placido Polanco
47.4%
Washington Nationals
Jayson Werth
43.9%
Houston Astros
Hunter Pence
43.9%
Los Angeles Angels
Bobby Abreu
40.4%
Cleveland Indians
Shin-Soo Choo
38.6%
Minnesota Twins
Jason Kubel
35.1%
Kansas City Royals
Eric Hosmer
26.3%
Chicago Cubs
Starlin Castro
24.6%
Tampa Bay Rays
Johnny Damon
17.5%
Seattle Mariners
Justin Smoak
17.5%
Oakland Athletics
Conor Jackson
15.8%
San Diego Padres
Ryan Ludwick
14%
Quiz Playlist
Details
Report
Send in Message
Add To Playlist
Classic:
Type in answers that appear in a list
Quiz Source
Last Updated: Feb 16, 2017
Quiz Scoreboard
CHALLENGE
Sign Up to Join the Scoreboard
Show All
Scores
Hide
Comments
May contain spoilers
Recently Published
1-10 Letter E Words III
by El_Dandy
Language
2m
Street Fighter Characters
by Artimus82
Gaming
60s
College Basketball Coaching Resumes
by pancakes188
Sports
9m
More to Explore
Quiz From the Vault
Featured Blog Post
Where Did the Easter Bunny Come From?
hide this ad
You Might Also Like...
Tags
Baseball Quiz
MLB Quiz
3rd
Hitter
Player
team
Today's Top Quizzes in Sports
Browse Sports
hide this ad
Today's Top Quizzes in Baseball
Browse Baseball
Top Contributed Quizzes in Sports
1
2022 World Cup Stars
2
Les meilleurs buteurs des matchs entre le PSG et l’OM
3
FIFA Club World Cup Champions
4
Les entraîneurs de l'OM et du PSG au 21e siècle
5
Criteria MLB: Left Handed Sluggers
6
2023 MLB Unique Player Accomplishments
7
AFC Teams Reveal (Wrong Answers Minefield)
8
Players with Multiple 50 Home Run Seasons
9
5-to-1: FBS Animal Nicknames
10
5-to-1: UK Sports Teams
Explore More
Trending Topics
Harry Potter
Kpop
NBA
Marvel
Crossword
Disney
Anime
Country
Song
The Office
NFL
Soccer
Puzzle
WWE
Pokémon
hide this ad
More By:
dansgiants211080
Quiz
Plays
Rating
Category
Featured
Created
First Three WRs on Every NFL Team's Depth Chart As of 11/21/11
3,931
3.42
Sports
Oct 8, 2011
Lonely Island Song By Line
1,623
3.78
Music
May 22, 2011
Name MLB Team by 2011 Closer
1,277
2.24
Sports
May 26, 2011
Every QB for Every NFL Team
918
4.14
Sports
Oct 8, 2011
Tosh.0 Collegiate Apparel
208
Television
Nov 16, 2011
Go to Creator's Profile
Score Distribution
Quiz Creator Spotlight
dansgiants211080
Follow
Send a Message
Quizzes Created
-
Created Quiz Play Count
-
More By This Creator
Popular Quizzes Today
1
Find the US States - No Outlines Minefield
2
Find the Countries of Europe - No Outlines Minefield
3
Find the US States
4
The Countries of the World
5
Risky Map Clicking: Biggest States A-Z
6
US States
7
Popular People in 1961
8
Movies - When Are They Set?
More Sports Quizzes
MLB Decade HR Leaders
Curator's Pick
Trending Quizzes
Risky Map Clicking: Least Populous States A-Z
1-10 Letter G Words
Countries of the World: 200 Million BC
1-10 Letter F Words
Risky Map Clicking: Next State Alphabetically
Recently Updated
Largest US Cities 1790-2010
pecheneg
Rides in Walt Disney World
pecheneg
Most Oscar Losses (Acting)
pecheneg
Beyoncé Albums
pecheneg
Leaping Animals
pecheneg
Reality TV Shows (A-Z)
bhenderson79
Rickey Henderson's Hall of Fame Teammates
pecheneg
Champions League XIs: Arsenal
pecheneg
Quick Pick: Celebrities in WWE's Hall of Fame
aduchscher
A-Z Keypad Blitz II
pecheneg
Trending Topics
Harry Potter
Anime
Crossword
Marvel
Kpop
Disney
NBA
Country
WWE
Pokémon
The Office
NFL
Puzzle
Soccer
Song
Your Account Isn't Verified!
In order to create a playlist on Sporcle, you need to verify the email address you used during registration. Go to your
Sporcle Settings
to finish the process.
Report this User
Report this user for behavior that violates our
Community Guidelines
.
Details:
Send Report
Go to the Sporcle.com Mobile Site →
Comments